000 00356nam a2200121Ia 4500
999 _c10509
_d10509
008 220318s9999 xx 000 0 und d
020 _a9781138038950
082 _a724.16
100 _a Tadgell, Christopher, 1939-
245 0 _aTransformations : Baroque and Rococo in the age of absolutism and the Church Triumphant
260 _aRoutledge
942 _2ddc